| 000 | 00527npc a2200205Ia 4500 | ||
|---|---|---|---|
| 001 | dd2-401 [d000000300] | ||
| 003 | IT-MiCISF | ||
| 008 | 161014s9999||||xx | und|| | ||
| 040 |
_aIT-MiCISF _cIT-MiCISF |
||
| 041 | _ait | ||
| 100 | _aCampanini Giorgio | ||
| 245 | 0 | _aLa coppia degli anni '80 | |
| 250 | _a1a ed. | ||
| 260 |
_aParma _c1984 |
||
| 300 | _ap. 32 | ||
| 500 | _a / coppia, relazione-di-coppia, comunicazione, amore, cambiamento / | ||
| 650 | _acoppia | ||
| 942 | _cDD | ||
| 957 | _71 | ||
| 999 |
_a401 _bsi _g1 _c208230 _d208230 |
||